Sistem saraan Malaysia : laporan Jawatankuasa Kabinet mengenai Perjawatan dan Gaji Pekerja-Pekerja Sektor Awam

Bibliographic Details
Corporate Author: MALAYSIA
Format: Book
Published: (Putrajaya : Jabatan Perkhidmatan Awam , 2002)
Subjects:

MARC

LEADER 00000cam a2200000 7i4500
001 0000002151
005 20030103.0
090 0 0 |a R352.6309595   |b MAL 2002 
110 1 0 |a MALAYSIA 
245 1 0 |a Sistem saraan Malaysia :   |b laporan Jawatankuasa Kabinet mengenai Perjawatan dan Gaji Pekerja-Pekerja Sektor Awam 
260 0 0 |a (Putrajaya :   |b Jabatan Perkhidmatan Awam ,   |c 2002) 
300 |a xviii, 178 p. ;   |c 30 cm. 
650 0 0 |a Civil service   |x Salaries, etc.   |z Malaysia 
650 0 0 |a Civil service   |z Malaysia 
998 |a JPSM 
999 |a 0000003553   |b Monograph   |c Reference   |e Default branch 
999 |a 0000005170   |b Monograph   |c Open Shelf   |e Default branch